000 00730nam a22002177a 4500
005 20241217081508.0
008 241217b |||||||| |||| 00| 0 eng d
020 _a9781292417233
040 _aKMU
_cKMU
_dKMU
_eRDA
050 _aHF 1007.385
100 _aKrugman R. Paul, Obstfeld Maurice and Melitz J. Marc
245 _aInternational Trade:
_bTheory & Policy /
_cPaul R. Krugman, Maurice Obstfeld and Marc J. Melitz
250 _aGlobal Edition
260 _aEngland:
_bPearson Education,
_c2023.
300 _a365 pages;
_bill:
_c25cm.
500 _aincludes an index
650 _2LCC
_aInternational Trade
700 _aObstfeld Maurice
_bAuthor
700 _aMelitz J. Marc
_bAuthor
942 _2lcc
_cBK
_eGlobal Edition
_n0
999 _c1474
_d1474